| 000 | 00684nam a22002297a 4500 | ||
|---|---|---|---|
| 999 |
_c164624 _d164624 |
||
| 005 | 20190523144426.0 | ||
| 008 | 090109t xxu||||| |||| 00| 0urd d | ||
| 010 | _aB-283680 | ||
| 020 |
_c150.00 _a- |
||
| 035 | _aB-283680 | ||
| 037 | _bBPPD/Ven | ||
| 040 |
_aDPL _bUrd. |
||
| 082 | _aن | ||
| 100 |
_912785 _aوشنو پربھاکر |
||
| 245 |
_aآوارا مسيحا _bوشنو پربھاکر |
||
| 246 |
_aAwara Masiha _bby Vishnu Parbhakar |
||
| 260 |
_aDelhi _c2008 _bNational Book Trust |
||
| 270 |
_aA-5, Green Park _bNew Delhi _e110016 _l- |
||
| 300 |
_a564 ص _c22 س م (Hb) |
||
| 700 |
_934961 _aTranslated By Rashid Sahvani |
||
| 942 |
_2ddc _cUR _hن _mو ش ن _e2nd |
||